CS2 - All S-Tier Tournaments in 2025 - Statistics

General Stats
  • This quiz has been taken 112 times
  • The average score is 79 of 135
Answer Stats
Hint Answer % Correct
Vitality
96%
1st Spirit
95%
FaZe
94%
Falcons
93%
FURIA
91%
G2
91%
ZywOo
91%
m0NESY
90%
Natus Vincere
90%
ropz
90%
flameZ
89%
MOUZ
89%
4th donk
88%
magixx
88%
NiKo
88%
apEX
86%
2nd chopper
86%
mezii
86%
3-4th sh1ro
86%
3rd zont1x
86%
broky
85%
karrigan
85%
frozen
84%
TeSeS
84%
Aleksib
83%
HeavyGod
83%
huNter-
83%
Magisk
83%
molodoy
83%
The MongolZ
83%
w0nderful
83%
b1t
81%
FalleN
81%
iM
81%
jL
81%
3DMAX
80%
kyxsan
80%
Spinx
80%
xertioN
80%
YEKINDAR
80%
Brollan
79%
Liquid
79%
Maka
79%
malbsMd
79%
rain
79%
torzsi
79%
Aurora
78%
Jimpphat
78%
KSCERATO
78%
zweih
78%
Astralis
77%
EliGE
77%
jcobbb
77%
makazze
77%
tN1R
75%
Twistzz
75%
yuurih
75%
910
74%
XANTARES
73%
kyousuke
72%
Senzu
72%
bLitz
70%
degster
70%
Eternal Fire
70%
SunPayus
70%
MAJ3R
68%
NAF
68%
paiN
68%
Techno
67%
woxic
67%
device
65%
NertZ
65%
Snax
65%
ultimate
65%
Wicadia
65%
siuhy
64%
mzinho
63%
jabbi
60%
HEROIC
59%
HooXi
58%
stavn
58%
jottAAA
57%
Staehr
57%
TYLOO
54%
MATYS
53%
GamerLegion
52%
Legacy
52%
Lucky
52%
Graviti
51%
bodyy
49%
cadiaN
44%
Ex3rcice
43%
snow
42%
biguzera
40%
hades
38%
REZ
37%
PR
36%
Complexity
35%
nqz
35%
xfl0ud
35%
JamYoung
32%
dumau
31%
latto
31%
nilo
31%
hallzerk
30%
Tauson
30%
ztr
30%
Attacker
28%
dav1deuS
28%
dgt
28%
Grim
28%
JT
28%
lux
27%
LNZ
26%
hypex
25%
n1ssim
25%
SAW
23%
BetBoom
22%
saadzin
22%
Mercury
21%
Moseyuh
20%
nicx
19%
yxngstxr
19%
Boombl4
16%
Ax1Le
15%
Cxzi
15%
MUTiRiS
15%
S1ren
12%
ArtFr0st
10%
Ag1l
9%
story
9%
Magnojez
7%
aragornN
6%
krazy
6%
zhokiNg
6%
No matching quizzes found
Score Distribution
Percent of People with Each Score
Percentile by Number Answered
Your Score History
You have not taken this quiz